Ανθρωπολογία και κινηματογράφος : πέρασμα στην εικόνα, πέρασμα από την εικόνα

Αποθηκεύτηκε σε:
Λεπτομέρειες βιβλιογραφικής εγγραφής
Κύριος συγγραφέας: Piault, Marc H. (Marc Henri)
Άλλοι συγγραφείς: Μαρκέτου, Πελαγία (trlf), Δερμεντζόπουλος, Χρήστος Α. (Επιμελητής έκδοσης)
Μορφή: Βιβλίο
Γλώσσα:Greek
French
Δημοσίευση: Αθήνα : Μεταίχμιο, 2008.
Σειρά:Κινηματογραφικές σπουδές (Πατάκης)
Θέματα:
Ετικέτες: Προσθήκη ετικέτας
Δεν υπάρχουν, Καταχωρήστε ετικέτα πρώτοι!

MARC

LEADER 00000cam a2200000 i 4500
001 1/4900
008 100225s2008 gr | ||| |||| ||gre||
020 |a 9789604554294 
035 |l 10106974 
040 |a GR-MY-UA  |b gre  |e aacr 
041 1 |a gre  |h fre 
082 7 |a 791.436552   |2 (22) 
100 1 |a Piault, Marc H.   |q (Marc Henri) 
245 1 0 |a Ανθρωπολογία και κινηματογράφος :   |b πέρασμα στην εικόνα, πέρασμα από την εικόνα /   |c Marc Henri Piault ; μετάφραση: Πελαγία Μαρκέτου ; επιστημονική επιμέλεια: Χρήστος Δερμεντζόπουλος.  
260 |a Αθήνα :   |b Μεταίχμιο,   |c 2008.  
300 |a 429 σ. ;   |c 24 εκ.  
490 1 |a (Κινηματογραφικές σπουδές / Πατάκης)  
500 |a Μετάφραση του: Anthropologie et cinema.  
504 |a Βιβλιογραφία: σ. 407-412. Ευρετήριο.  
650 0 0 |a Motion pictures in ethnology  |x History. 
650 0 0 |a Documentary films  |x History and criticism. 
650 0 0 |a Social change in motion pictures. 
700 1 |a Μαρκέτου, Πελαγία,  |e trlf 
700 1 |a Δερμεντζόπουλος, Χρήστος Α.  |e edt 
830 0 |a Κινηματογραφικές σπουδές (Πατάκης)  
852 |a INST  |b LESVOS  |e 20140225  |h 791.436552 PIA  |p 005100053481  |q 005100053481  |t BK  |y 0 
852 |a INST  |b RHODES  |e 20100225  |h 791.436552 PIA  |p 005400032519  |q 005400032519  |t BK  |y 0 
901 |a BIBL4-2010-1 
901 |a BIBL1-2014-1 
909 |a Ρ  |b 159738 
909 |a Λ  |b 177809 
922 |a 1ΕΛΗ  |b 201210  |c ΤΜΗΜΑ ΚΟΙΝΩΝΙΚΗΣ ΑΝΘΡΩΠΟΛΟΓΙΑΣ ΚΑΙ ΙΣΤΟΡΙΑΣ  |d ΙΩΑΝΝΙΔΟΥ 
970 |a ΚΟΖΑ  |b ΜΑΡΙΑ  |z 2010/02/25